000
00347nam a22001577a 4500
005
20160620151011.0
008
160620b xxu||||| |||| 00| 0 eng d
041
_a
eng
082
_b
8576
100
_a
Roy Shakhar Prashu (Editor)
_9
2334
245
_a
New Approach
260
_c
1998
300
_a
200
650
_a
Management
_9
241
942
_c
BK
999
_c
3300
_d
3299